000 01011nam a22003257a 4500
001 BR0402838
003 BR-BrBNA
005 20230928101637.0
007 ta
008 230509b bl.||||| |||| 00| 0 por d
040 _aBR-BrBNA
_bpor
_cBiblioteca Nacional de Agricultura
041 _a(Por)
072 _aL51
_b5214
_b9410
090 _ 5214 BR0402838
100 1 _aPereira, A.M.
110 1 _aUniversidade Federal de Lavras, MG (Brasil)
_0Tese (Mestrado)
245 1 _aInfluência da fonte de proteína da dieta total, sobre a digestibilidade in vitro, produção e composição do leite de vacas holandesas
260 3 _aLavras, MG (Brasil):
_c1997.
300 _a78 p.
500 _aSummaries (Eng, Por); Bibliography p. 63-72; 11 tables
650 _aVACA LEITEIRA
650 _aGADO HOLANDÊS
650 _aDIETA
650 _aPROTEÍNA
650 _aDIGESTIBILIDADE
650 _aLEITE
650 _aCOMPOSIÇÃO DE ALIMENTO
909 _a202309
_bLucia
_c55
_dLucia Elande
942 _cBK
999 _c66850
_d66850